000 00511nam a2200193Ia 4500
005 20250508151547.0
008 008 250505s9999 xx 000 0 eng d
020 _a0333-90261-0
037 _aTextual
040 _aFEDL
_beng
_cFEDL
041 _aeng
_2eng
084 _a891.441, TAG
_qFEDL
100 _aTagore Rabindranath
245 0 _aGardener
260 _aLondon, UK
_bMacmillan and Co Limited
_c1951
300 _a150p
942 _cTEXL
_h891.441, TAG
999 _c1330631
_d1330631